[Event "Ruhrgebiet Verbandsklasse Gruppe 3 1819"]
[Site "Nordrheinwestfalen"]
[Date "2018.12.02"]
[Round "4.1"]
[White "Koth, Stefan"]
[Black "Gasper, Joern"]
[Result "1-0"]
[WhiteElo "2011"]
[BlackElo "2034"]
[PlyCount "65"]
[EventDate "2018.09.23"]
[EventType "team-tourn"]
[EventRounds "9"]
[EventCountry "GER"]
[SourceTitle "EXT 2022"]
[Source "ChessBase"]
[SourceDate "2021.10.06"]
[SourceVersion "1"]
[SourceVersionDate "2021.10.06"]
[SourceQuality "1"]
[WhiteTeam "Brambauer"]
[BlackTeam "Waltrop SV"]
[WhiteTeamCountry "GER"]
[BlackTeamCountry "GER"]

1. c4 e6 2. Nc3 d5 3. e3 Nf6 4. Nf3 dxc4 5. Bxc4 a6 6. a3 c5 7. b3 b5 8. Be2 Bb7 9. Bb2 Nbd7 10. 0-0 Qc7 11. d4 Rd8 12. Rc1 Qb8 13. dxc5 Ng4 14. Nxb5 Nxc5 15. Nbd4 Bxf3 16. g3 Bxe2 17. Qxe2 Ne5 18. f4 Ned7 19. Nc6 Qb5 20. Qxb5 axb5 21. Nxd8 Kxd8 22. b4 Na4 23. Bd4 f6 24. Rfd1 Bd6 25. Bxf6+ gxf6 26. Rxd6 Ke7 27. Rcc6 e5 28. f5 Rd8 29. Kf2 h5 30. h3 Nb2 31. Rd5 Nc4 32. a4 Nb8 33. Re6+ 1-0

[Event "Ruhrgebiet Verbandsliga Gruppe 1 1415"]
[Site "Germany"]
[Date "2015.03.29"]
[Round "8.4"]
[White "Koth, Stefan"]
[Black "Marx, Henning"]
[Result "1/2-1/2"]
[WhiteElo "2003"]
[BlackElo "1958"]
[PlyCount "36"]
[EventDate "2014.09.21"]
[EventType "team-tourn"]
[EventRounds "9"]
[EventCountry "GER"]
[SourceTitle "EXT 2022"]
[Source "ChessBase"]
[SourceDate "2021.10.06"]
[SourceVersion "1"]
[SourceVersionDate "2021.10.06"]
[SourceQuality "1"]
[WhiteTeam "Brambauer"]
[BlackTeam "Bochum-Linden"]
[WhiteTeamCountry "GER"]
[BlackTeamCountry "GER"]

1. c4 c6 2. Nc3 d5 3. d4 Nf6 4. Nf3 e6 5. e3 Nbd7 6. Bd3 dxc4 7. Bxc4 Bd6 8. 0-0 0-0 9. a3 e5 10. Qc2 exd4 11. exd4 Nb6 12. Ba2 Qc7 13. Bg5 Nfd5 14. Nxd5 Nxd5 15. Rac1 Be6 16. Bb1 g6 17. g3 Rfe8 18. Qd2 Bg4 1/2-1/2

[Event "Ruhrgebiet Verbandsliga Gruppe 1 1415"]
[Site "Germany"]
[Date "2015.02.08"]
[Round "6"]
[White "Buschmann, Andreas"]
[Black "Koth, Stefan"]
[Result "1-0"]
[WhiteElo "2046"]
[BlackElo "2003"]
[PlyCount "63"]
[EventDate "2014.09.21"]
[EventType "team-tourn"]
[EventRounds "9"]
[EventCountry "GER"]
[SourceTitle "EXT 2022"]
[Source "ChessBase"]
[SourceDate "2021.10.06"]
[SourceVersion "1"]
[SourceVersionDate "2021.10.06"]
[SourceQuality "1"]
[WhiteTeam "Horst Emscher"]
[BlackTeam "Brambauer"]
[WhiteTeamCountry "GER"]
[BlackTeamCountry "GER"]

1. d4 d5 2. c4 c6 3. Nc3 Nf6 4. Nf3 dxc4 5. a4 Nd5 6. e4 Nxc3 7. bxc3 b5 8. Ba3 e6 9. Bxf8 Kxf8 10. g3 Bb7 11. Bg2 Nd7 12. 0-0 a6 13. Qc2 g6 14. h4 Kg7 15. Nh2 Qc7 16. f4 Nb6 17. a5 Na4 18. g4 Qxa5 19. Rf3 h5 20. f5 hxg4 21. Nxg4 gxf5 22. exf5 e5 23. Nxe5 Qc7 24. f6+ Kf8 25. Rg3 Re8 26. Qf5 Re6 27. Qg5 Rxe5 28. Qg7+ Ke8 29. Qxh8+ Kd7 30. dxe5 Qb6+ 31. Kh2 Nb2 32. Qb8 1-0

[Event "Ruhrgebiet Verbandsliga Gruppe 1 1415"]
[Site "Germany"]
[Date "2014.12.14"]
[Round "4.6"]
[White "Langer, Raimund"]
[Black "Koth, Stefan"]
[Result "1/2-1/2"]
[WhiteElo "1807"]
[BlackElo "2003"]
[PlyCount "47"]
[EventDate "2014.09.21"]
[EventType "team-tourn"]
[EventRounds "9"]
[EventCountry "GER"]
[SourceTitle "EXT 2022"]
[Source "ChessBase"]
[SourceDate "2021.10.06"]
[SourceVersion "1"]
[SourceVersionDate "2021.10.06"]
[SourceQuality "1"]
[WhiteTeam "Kirchhellen SF"]
[BlackTeam "Brambauer"]
[WhiteTeamCountry "GER"]
[BlackTeamCountry "GER"]

1. e4 c5 2. Nf3 e6 3. d4 cxd4 4. Nxd4 a6 5. Bd3 Qc7 6. 0-0 Nf6 7. Nc3 Nc6 8. Nxc6 bxc6 9. f4 Bc5+ 10. Kh1 h5 11. e5 Ng4 12. Ne4 Be7 13. Be2 Bb7 14. Nd6+ Bxd6 15. exd6 Qb6 16. Bxg4 hxg4 17. Qxg4 0-0-0 18. Qg3 Rh5 19. Be3 Qxb2 20. Rab1 Qxc2 21. Qxg7 Rdh8 22. Bg1 Qh7 23. Qxh7 R8xh7 24. a4 1/2-1/2

[Event "Plzen op 5th"]
[Site "Plzen"]
[Date "2013.11.30"]
[Round "7"]
[White "Koth, Stefan"]
[Black "Hoekstra, Carl"]
[Result "1/2-1/2"]
[WhiteElo "2153"]
[BlackElo "1912"]
[PlyCount "86"]
[EventDate "2013.11.24"]
[EventType "swiss"]
[EventRounds "7"]
[EventCountry "CZE"]
[SourceTitle "CBM 157 Extra"]
[Source "ChessBase"]
[SourceDate "2013.12.19"]
[SourceVersion "1"]
[SourceVersionDate "2013.12.19"]
[SourceQuality "1"]

1. c4 g6 2. Nc3 Bg7 3. e4 d6 4. d4 Nc6 5. Be3 e5 6. d5 Nce7 7. f3 f5 8. Qd2 Nf6 9. Bd3 Bd7 10. Nge2 0-0 11. Bh6 Rf7 12. Bxg7 Kxg7 13. h4 f4 14. 0-0-0 Nh5 15. Rdg1 Ng8 16. Bc2 Qe7 17. g3 fxg3 18. Nxg3 Nxg3 19. Rxg3 Rf4 20. Qh2 Raf8 21. Bd1 h6 22. Qg1 Qf6 23. h5 g5 24. Qxa7 Bc8 25. c5 dxc5 26. Qxc5 Qd6 27. Qc4 Bd7 28. Rh2 Ne7 29. Qb3 b6 30. Ne2 R4f6 31. Qc3 Ra8 32. a3 Ra5 33. b4 Ra8 34. f4 exf4 35. e5 fxg3 36. Nxg3 Nxd5 37. Qb2 Qe6 38. exf6+ Qxf6 39. Bf3 Qxb2+ 40. Kxb2 Be6 41. Rc2 Ra7 42. Rc6 Nf4 43. Be4 Bd7 1/2-1/2

[Event "Ruhrgebiet VL1 0910"]
[Site "Germany"]
[Date "2009.12.06"]
[Round "4.3"]
[White "Wolf, Ulrich Martin"]
[Black "Koth, Stefan"]
[Result "1/2-1/2"]
[WhiteElo "2084"]
[BlackElo "2153"]
[PlyCount "37"]
[EventDate "2009.09.06"]
[EventType "team-tourn"]
[EventRounds "9"]
[EventCountry "GER"]
[SourceTitle "EXT 2011"]
[Source "ChessBase"]
[SourceDate "2010.11.26"]
[SourceVersion "1"]
[SourceVersionDate "2010.11.26"]
[SourceQuality "1"]
[WhiteTeam "Wattenscheid IV"]
[BlackTeam "Brambauer"]
[WhiteTeamCountry "GER"]
[BlackTeamCountry "GER"]

1. Nf3 d5 2. c4 c6 3. b3 Bg4 4. Ne5 Bf5 5. Bb2 Nd7 6. Nf3 e6 7. g3 h6 8. Bg2 Ngf6 9. 0-0 Be7 10. d3 0-0 11. Qc2 Bh7 12. Nbd2 a5 13. a3 Qb6 14. h3 Bd6 15. Rac1 Qa7 16. Rfe1 Nh5 17. e3 Qb8 18. Nf1 Nc5 19. e4 1/2-1/2

[Event "NRW Class1 0506"]
[Site "Germany"]
[Date "2006.01.08"]
[Round "5.7"]
[White "Koth, Stefan"]
[Black "Hojka, Christoph"]
[Result "0-1"]
[WhiteElo "2182"]
[BlackElo "2009"]
[PlyCount "106"]
[EventDate "2005.09.25"]
[EventType "team"]
[EventRounds "9"]
[EventCountry "GER"]
[SourceTitle "EXT 2006"]
[Source "ChessBase"]
[SourceDate "2005.11.24"]
[SourceVersion "1"]
[SourceVersionDate "2005.11.24"]
[SourceQuality "1"]
[WhiteTeam "Brackel"]
[BlackTeam "Bergneustadt/Derschlag"]
[WhiteTeamCountry "GER"]
[BlackTeamCountry "GER"]

1. c4 e5 2. Nc3 Nc6 3. g3 g6 4. Bg2 Bg7 5. e3 d6 6. a3 h5 7. h4 Bg4 8. Nge2 Qd7 9. d3 Nge7 10. Rb1 0-0 11. b4 Nd8 12. b5 Be6 13. Ne4 a6 14. a4 axb5 15. axb5 Bf5 16. N4c3 Be6 17. Ne4 Bf5 18. Qb3 Kh8 19. Ba3 Bg4 20. b6 c5 21. N2c3 f5 22. Ng5 f4 23. f3 Be6 24. gxf4 exf4 25. e4 Nf7 26. Nxe6 Qxe6 27. Nb5 Rxa3 28. Qxa3 Nc6 29. Ke2 Qf6 30. Qc1 Ra8 31. Qd2 Ra4 32. Rhc1 Nb4 33. Nc3 Ra3 34. Nd5 Nxd5 35. cxd5 Qxh4 36. Ra1 Rxa1 37. Rxa1 Bxa1 38. Qa2 Bd4 39. Kf1 Kg7 40. Qe2 Qh2 41. Ke1 h4 42. Kd2 h3 43. Bf1 Qxe2+ 44. Kxe2 h2 45. Bg2 Ne5 46. Bh1 Kf6 47. Bg2 Nd7 48. Kf1 Nxb6 49. Bh1 Na4 50. Kg2 Bg1 51. Kh3 Nc3 52. Kg4 Ne2 53. Bg2 b5 0-1

[Event "NRW Class1 0506"]
[Site "Germany"]
[Date "2005.12.04"]
[Round "4.7"]
[White "Horstmann, Olaf"]
[Black "Koth, Stefan"]
[Result "1-0"]
[WhiteElo "2212"]
[BlackElo "2182"]
[PlyCount "81"]
[EventDate "2005.09.25"]
[EventType "team"]
[EventRounds "9"]
[EventCountry "GER"]
[SourceTitle "EXT 2006"]
[Source "ChessBase"]
[SourceDate "2005.11.24"]
[SourceVersion "1"]
[SourceVersionDate "2005.11.24"]
[SourceQuality "1"]
[WhiteTeam "Godesberg II"]
[BlackTeam "Brackel"]
[WhiteTeamCountry "GER"]
[BlackTeamCountry "GER"]

1. e4 c5 2. Nc3 e6 3. f4 d5 4. Nf3 d4 5. Ne2 Nf6 6. d3 Nc6 7. g3 Be7 8. Bg2 0-0 9. 0-0 Qb6 10. Kh1 Bd7 11. h3 Rad8 12. g4 Bc8 13. g5 Ne8 14. Nh2 f5 15. gxf6 Nxf6 16. Ng3 Qb5 17. b3 Qa6 18. Bd2 Qa3 19. Bc1 Qa6 20. a4 Qb6 21. Nh5 Nb4 22. Nxf6+ gxf6 23. Ng4 Kh8 24. Nh6 Bd7 25. Rg1 f5 26. e5 Be8 27. Bf3 Bg6 28. h4 Bxh4 29. Qe2 Qc7 30. Qh2 Qe7 31. Ba3 Kg7 32. Rg2 b6 33. Bxb4 cxb4 34. Rag1 Rc8 35. Bh5 Qb7 36. Qxh4 Rxc2 37. Qg5 Rh8 38. Bxg6 hxg6 39. Qxg6+ Kf8 40. Qf6+ Ke8 41. Qxh8+ 1-0